[Event "COL-ch Visually impaired"]
[Site "Cartagena"]
[Date "2019.12.07"]
[Round "3.13"]
[White "Velasco, Andres"]
[Black "Sanchez, Carlos Andres"]
[Result "0-1"]
[WhiteElo "1495"]
[BlackElo "1759"]
[PlyCount "98"]
[EventDate "2019.12.06"]
[EventType "swiss (rapid)"]
[EventRounds "6"]
[EventCountry "COL"]
[SourceTitle "EXT 2024"]
[Source "ChessBase"]
[SourceDate "2023.10.10"]
[SourceVersion "1"]
[SourceVersionDate "2023.10.10"]
[SourceQuality "1"]

1. d4 Nf6 2. Nc3 d5 3. Bf4 c6 4. Nf3 Bf5 5. e3 e6 6. Bd3 Bxd3 7. Qxd3 Be7 8. 0-0 0-0 9. Ne5 Nbd7 10. Rad1 Nh5 11. Bg3 Nxg3 12. fxg3 Nf6 13. Qe2 Qb6 14. b3 Qb4 15. Na4 Ne4 16. Qe1 Qxe1 17. Rdxe1 Rad8 18. a3 Bxa3 19. Ra1 Bb4 20. Nc5 Nxc5 21. dxc5 Bc3 22. Rxa7 Bxe5 23. Rxb7 d4 24. e4 d3 25. cxd3 Rxd3 26. Rb6 Bd4+ 27. Kh1 Bxc5 28. Rxc6 Bb4 29. Rb1 Rfd8 30. h3 g6 31. Rc4 R3d4 32. Rxd4 Rxd4 33. Kg1 Rxe4 34. Kf2 f5 35. Kf3 Kf7 36. g4 Kf6 37. gxf5 exf5 38. g4 h6 39. Rb2 g5 40. Re2 Rxe2 41. Kxe2 f4 42. Kf3 Ke5 43. Ke2 Ke4 44. Kf2 Bc5+ 45. Ke2 f3+ 46. Kf1 Ke3 47. b4 Bxb4 48. h4 f2 49. h5 Be1 0-1

[Event "COL-ch Visually impaired"]
[Site "Cartagena"]
[Date "2019.12.06"]
[Round "2.12"]
[White "Castillo, Jesus"]
[Black "Velasco, Andres"]
[Result "1-0"]
[WhiteElo "1630"]
[BlackElo "1495"]
[PlyCount "89"]
[EventDate "2019.12.06"]
[EventType "swiss (rapid)"]
[EventRounds "6"]
[EventCountry "COL"]
[SourceTitle "EXT 2024"]
[Source "ChessBase"]
[SourceDate "2023.10.10"]
[SourceVersion "1"]
[SourceVersionDate "2023.10.10"]
[SourceQuality "1"]

1. e4 e5 2. Nf3 Nc6 3. Bb5 a6 4. Ba4 Nf6 5. 0-0 d6 6. Re1 Be7 7. c3 Bg4 8. h3 Bh5 9. d3 0-0 10. Nbd2 b5 11. Bc2 d5 12. exd5 Qxd5 13. Nf1 e4 14. dxe4 Qxd1 15. Bxd1 Bc5 16. Ng3 Bg6 17. Bf4 Rfe8 18. e5 Nh5 19. Nxh5 Bxh5 20. g4 Bg6 21. Bb3 Kh8 22. e6 fxe6 23. Bxe6 Rad8 24. Bxc7 Rd3 25. Kg2 Nd8 26. Bxd8 Rexd8 27. Ne5 Rf8 28. Nxd3 Bxd3 29. f3 g6 30. Rad1 Bc4 31. Bxc4 bxc4 32. Rd7 a5 33. Re5 Rc8 34. h4 a4 35. h5 a3 36. bxa3 Bxa3 37. h6 Bb2 38. Ree7 Bxc3 39. Rxh7+ Kg8 40. a4 Bh8 41. a5 c3 42. Rc7 Rd8 43. a6 Rd2+ 44. Kh3 c2 45. a7 1-0

[Event "COL-ch Visually impaired"]
[Site "Cartagena"]
[Date "2019.12.06"]
[Round "1.10"]
[White "Velasco, Andres"]
[Black "Franco Perez, William"]
[Result "0-1"]
[WhiteElo "1495"]
[BlackElo "1686"]
[PlyCount "92"]
[EventDate "2019.12.06"]
[EventType "swiss (rapid)"]
[EventRounds "6"]
[EventCountry "COL"]
[SourceTitle "EXT 2024"]
[Source "ChessBase"]
[SourceDate "2023.10.10"]
[SourceVersion "1"]
[SourceVersionDate "2023.10.10"]
[SourceQuality "1"]

1. d4 Nf6 2. Nc3 g6 3. e4 d6 4. Bg5 Bg7 5. e5 dxe5 6. dxe5 Qxd1+ 7. Rxd1 Ng4 8. h3 Nxe5 9. Nd5 0-0 10. Nxc7 Nbc6 11. Nxa8 Bf5 12. Nc7 Bxc2 13. Rd2 Be4 14. f3 Bf5 15. Bb5 Nb4 16. a3 Nbd3+ 17. Bxd3 Nxd3+ 18. Ke2 Nxb2 19. Nd5 Be6 20. Nxe7+ Kh8 21. Kf2 Nc4 22. Rc2 f6 23. Be3 b6 24. Ne2 Re8 25. Nc6 Nxe3 26. Kxe3 Bf5+ 27. Kd2 Bxc2 28. Nxa7 Ba4 29. Rb1 Bh6+ 30. Kd3 Ra8 31. Nb5 Rd8+ 32. Ned4 Bg7 33. Rb4 Bxb5+ 34. Rxb5 f5 35. Rb4 h5 36. Kc4 Rxd4+ 37. Kb5 Rd2 38. Kxb6 Rxg2 39. a4 Rg3 40. a5 Bc3 41. Rb1 Bxa5+ 42. Kxa5 Rxf3 43. Rh1 h4 44. Kb4 Kg7 45. Kc4 Kf6 46. Kd4 g5 0-1

[Event "COL-ch Visually impaired"]
[Site "Cartagena"]
[Date "2019.12.05"]
[Round "5.13"]
[White "Velasco, Andres"]
[Black "Jaramillo, Carlos Mario"]
[Result "1-0"]
[WhiteElo "1199"]
[BlackElo "1540"]
[PlyCount "53"]
[EventDate "2019.12.03"]
[EventType "swiss"]
[EventRounds "6"]
[EventCountry "COL"]
[SourceTitle "EXT 2024"]
[Source "ChessBase"]
[SourceDate "2023.10.10"]
[SourceVersion "1"]
[SourceVersionDate "2023.10.10"]
[SourceQuality "1"]

1. d4 Nf6 2. Nc3 e6 3. e4 d6 4. Bg5 Be7 5. Nf3 h6 6. Bh4 Nbd7 7. Bc4 0-0 8. e5 Ng4 9. Bxe7 Qxe7 10. h3 Nxf2 11. Kxf2 dxe5 12. Rf1 Rd8 13. Bb3 exd4 14. Qxd4 e5 15. Qe3 Kf8 16. Rad1 Re8 17. Kg1 c6 18. Ne4 Rd8 19. Nd6 e4 20. Nxf7 Qb4 21. N3e5 Re8 22. Nd6+ Ke7 23. Nxe8 Nxe5 24. Nc7 Bxh3 25. Qxh3 Qb6+ 26. Kh1 Qxc7 27. Qe6# 1-0

[Event "COL-ch Visually impaired"]
[Site "Cartagena"]
[Date "2019.12.03"]
[Round "1.12"]
[White "Velasco, Andres"]
[Black "Munoz, Mauricio"]
[Result "1-0"]
[WhiteElo "1199"]
[BlackElo "1668"]
[PlyCount "47"]
[EventDate "2019.12.03"]
[EventType "swiss"]
[EventRounds "6"]
[EventCountry "COL"]
[SourceTitle "EXT 2024"]
[Source "ChessBase"]
[SourceDate "2023.10.10"]
[SourceVersion "1"]
[SourceVersionDate "2023.10.10"]
[SourceQuality "1"]

1. e4 c5 2. Nf3 d6 3. d4 cxd4 4. Nxd4 Nf6 5. Nc3 a6 6. Be2 e5 7. Nb3 Be6 8. Bg5 Nbd7 9. f4 exf4 10. Bxf4 Qc7 11. Qd4 Be7 12. 0-0-0 Ne5 13. Nd5 Bxd5 14. exd5 0-0 15. g4 Rfc8 16. Rd2 Nfxg4 17. Bxg4 Nxg4 18. Rg1 Ne5 19. Kb1 Qc4 20. Bxe5 f6 21. Bxf6 Bxf6 22. Qxf6 Qc7 23. Rdg2 g6 24. Rxg6+ 1-0

[Event "COL pre olympic sf2"]
[Site "Palmira"]
[Date "2019.05.31"]
[Round "4"]
[White "Montoya Molina, Juan Esteban"]
[Black "Velasco, Andres"]
[Result "1-0"]
[WhiteElo "1708"]
[BlackElo "1573"]
[PlyCount "63"]
[EventDate "2019.05.29"]
[EventType "swiss"]
[EventRounds "10"]
[EventCountry "COL"]
[SourceTitle "CBM 190 Extra"]
[Source "ChessBase"]
[SourceDate "2019.07.15"]
[SourceVersion "1"]
[SourceVersionDate "2019.07.15"]
[SourceQuality "1"]

1. e4 e5 2. Nf3 Nc6 3. Bc4 Nf6 4. d3 Be7 5. Nc3 0-0 6. 0-0 Bc5 7. Bg5 d6 8. Nd5 Kh8 9. Nxf6 gxf6 10. Bh6 Re8 11. Bxf7 Re7 12. Bc4 Be6 13. Bxe6 Rxe6 14. Nh4 f5 15. Nxf5 Qd7 16. Bg7+ Kg8 17. Qg4 Rg6 18. Nh6+ Kxg7 19. Qxd7+ Kxh6 20. c3 Bb6 21. Kh1 Rag8 22. Qh3+ Kg7 23. f4 Kh8 24. f5 Rg5 25. f6 Nd8 26. f7 Rf8 27. Qh6 Rg7 28. Rf3 Nxf7 29. Qf6 c5 30. Raf1 Bd8 31. Qe6 Re8 32. Qxe8+ 1-0

[Event "COL pre olympic sf2"]
[Site "Palmira"]
[Date "2019.05.30"]
[Round "2"]
[White "Diaz, Luisa Fernanda"]
[Black "Velasco, Andres"]
[Result "1/2-1/2"]
[WhiteElo "1674"]
[BlackElo "1573"]
[PlyCount "117"]
[EventDate "2019.05.29"]
[EventType "swiss"]
[EventRounds "10"]
[EventCountry "COL"]
[SourceTitle "CBM 190 Extra"]
[Source "ChessBase"]
[SourceDate "2019.07.15"]
[SourceVersion "1"]
[SourceVersionDate "2019.07.15"]
[SourceQuality "1"]

1. e4 e5 2. Nf3 Nc6 3. Bc4 Bc5 4. 0-0 Nf6 5. d4 exd4 6. e5 Ng4 7. Bxf7+ Kxf7 8. Ng5+ Kg8 9. Qxg4 h6 10. Nf3 d6 11. e6 Qf6 12. Re1 Ne5 13. Nxe5 dxe5 14. Qe2 Bd6 15. Nd2 Bxe6 16. Ne4 Qg6 17. Nxd6 cxd6 18. f4 Bd5 19. g3 Re8 20. Qd3 Qxd3 21. cxd3 Kh7 22. Bd2 Rhf8 23. b3 e4 24. dxe4 Rxe4 25. Rxe4 Bxe4 26. Bb4 Rf6 27. Re1 d5 28. Rc1 Rc6 29. Rxc6 bxc6 30. Bc5 d3 31. Kf2 a6 32. Ke3 Kg6 33. h3 h5 34. b4 Kf5 35. Be7 g6 36. a3 d4+ 37. Kd2 Ke6 38. Bc5 Kd5 39. g4 hxg4 40. hxg4 Kc4 41. Bb6 Bf3 42. g5 Bg4 43. Ba7 Bf5 44. Bb6 Kb3 45. Bxd4 Kxa3 46. Bc5 Ka4 47. Kc3 Kb5 48. Be3 a5 49. bxa5 Kxa5 50. Bd2 Kb5 51. Be3 c5 52. Bd2 c4 53. Be3 Be6 54. Bd2 Kc5 55. Be3+ Kd5 56. Bc1 Ke4 57. Bd2 Kf3 58. Bc1 Ke2 59. Bd2 1/2-1/2

[Event "COL-chT Interligas"]
[Site "Palmira"]
[Date "2019.04.29"]
[Round "5.4"]
[White "Donneys, Franz"]
[Black "Velasco, Andres"]
[Result "1-0"]
[WhiteElo "1562"]
[BlackElo "1573"]
[PlyCount "59"]
[EventDate "2019.04.27"]
[EventType "team-swiss"]
[EventRounds "6"]
[EventCountry "COL"]
[SourceTitle "CBM 190 Extra"]
[Source "ChessBase"]
[SourceDate "2019.07.15"]
[SourceVersion "1"]
[SourceVersionDate "2019.07.15"]
[SourceQuality "1"]
[WhiteTeam "Valle Talentos Palmira"]
[BlackTeam "Valle Visuales"]
[WhiteTeamCountry "COL"]
[BlackTeamCountry "COL"]

1. e4 e5 2. Nf3 Nc6 3. Bb5 Bc5 4. 0-0 Nf6 5. c3 0-0 6. Re1 d6 7. h3 Ne7 8. d4 exd4 9. cxd4 Bb6 10. Nc3 c6 11. Ba4 Ng6 12. Bc2 Be6 13. d5 Bd7 14. Nd4 Qc8 15. Bg5 Bd8 16. dxc6 bxc6 17. Nf3 Nh5 18. Qxd6 Bxg5 19. Nxg5 Nhf4 20. e5 Rd8 21. Bxg6 Nxg6 22. Rad1 h6 23. e6 fxe6 24. Nxe6 Bxe6 25. Qxd8+ Qxd8 26. Rxd8+ Rxd8 27. Rxe6 Kf7 28. Rxc6 Rd2 29. Rc7+ Kg8 30. Na4 1-0

[Event "COL visually impaired 14th"]
[Site "Armenia"]
[Date "2018.11.09"]
[Round "2.17"]
[White "Pena Castro, Francisco"]
[Black "Velasco, Andres"]
[Result "0-1"]
[WhiteElo "1524"]
[BlackElo "1600"]
[PlyCount "54"]
[EventDate "2018.11.09"]
[EventType "swiss"]
[EventRounds "6"]
[EventCountry "COL"]
[SourceTitle "EXT 2024"]
[Source "ChessBase"]
[SourceDate "2023.10.10"]
[SourceVersion "1"]
[SourceVersionDate "2023.10.10"]
[SourceQuality "1"]

1. e4 e5 2. Nf3 Nc6 3. Bc4 Bc5 4. c3 Nf6 5. d3 0-0 6. 0-0 d6 7. Be3 Bb6 8. Nbd2 Be6 9. Bb3 Ng4 10. d4 d5 11. Re1 Nxe3 12. Rxe3 exd4 13. Nxd4 Nxd4 14. cxd4 Bxd4 15. Rd3 Qf6 16. Qe2 Rfe8 17. Rf3 Qe5 18. Re1 Bg4 19. Bxd5 Bxf3 20. Nxf3 Qf6 21. Nxd4 Qxd4 22. Rd1 Qe5 23. Qc4 Re7 24. Bxf7+ Rxf7 25. Rd7 Raf8 26. Qd5 Qxb2 27. g3 Qxf2+ 0-1

[Event "COL visually impaired 14th"]
[Site "Armenia"]
[Date "2018.11.09"]
[Round "1.6"]
[White "Velasco, Andres"]
[Black "Acosta Cruz, Luis Ivan"]
[Result "0-1"]
[WhiteElo "1600"]
[BlackElo "1779"]
[PlyCount "82"]
[EventDate "2018.11.09"]
[EventType "swiss"]
[EventRounds "6"]
[EventCountry "COL"]
[SourceTitle "EXT 2024"]
[Source "ChessBase"]
[SourceDate "2023.10.10"]
[SourceVersion "1"]
[SourceVersionDate "2023.10.10"]
[SourceQuality "1"]

1. e4 e5 2. Nf3 Nc6 3. Bb5 Bc5 4. d3 d6 5. Be3 Bb6 6. Nc3 Nf6 7. 0-0 Be6 8. Ng5 Bg4 9. Nf3 0-0 10. Bxc6 bxc6 11. h3 Bd7 12. Ne2 Nh5 13. Bg5 f6 14. Bh4 g5 15. Bg3 f5 16. exf5 Bxf5 17. Qd2 h6 18. Bh2 Nf4 19. Nxf4 gxf4 20. d4 Qf6 21. c3 e4 22. Ne1 Be6 23. Nc2 f3 24. Ne3 Qg5 25. Bg3 Rf7 26. Rfd1 h5 27. b3 h4 28. Bh2 Bxh3 29. g3 Be6 30. Nc4 Qg6 31. Re1 Rh7 32. Qf4 Bd5 33. Ne3 Be6 34. Kh1 Rf8 35. Rg1 h3 36. Nc4 Rxf4 37. gxf4 Bg4 38. Rxg4 Qxg4 39. Rg1 Qg2+ 40. Rxg2+ hxg2+ 41. Kg1 Kf7 0-1